Sports Quiz

Random Sports or Basketball Quiz

Nba 2011-2012 Best and Worst Assist/Turnover Ratio Quiz Stats

 Plays Quiz not verified by Sporcle

Score 0/60 Timer 15:00
0 Plays Today
Type Player % Correct
BestChris Paul
94.7%
BestRajon Rondo
91.2%
BestTony Parker
91.2%
BestSteve Nash
91.2%
BestJose Calderon
89.5%
BestLouis Williams
86%
BestJason Kidd
86%
BestBrandon Jennings
86%
WorstJordan Williams
86%
WorstDerrick Williams
86%
BestMike Conley
84.2%
BestDerrick Rose
82.5%
BestAndre Iguodala
80.7%
BestRicky Rubio
80.7%
BestGeorge Hill
78.9%
BestJarrett Jack
78.9%
BestDevin Harris
77.2%
WorstJoel Anthony
77.2%
BestDarren Collison
75.4%
BestRamon Sessions
75.4%
BestIsaiah Thomas
73.7%
WorstLance Thomas
73.7%
BestTy Lawson
71.9%
WorstDeAndre Jordan
71.9%
BestD.J. Augustin
70.2%
WorstIvan Johnson
70.2%
BestLuke Ridnour
68.4%
WorstAmare Stoudemire
68.4%
WorstJaVale McGee
66.7%
WorstTristan Thompson
64.9%
Type Player % Correct
WorstSerge Ibaka
64.9%
WorstReggie Evans
63.2%
BestMike Bibby
59.6%
BestMatt Bonner
57.9%
BestEarl Watson
57.9%
WorstBrendan Haywood
54.4%
BestJohn Lucas
52.6%
WorstDerrick Favors
52.6%
WorstTyler Hansbrough
52.6%
BestNate Robinson
50.9%
WorstIan Mahinmi
50.9%
WorstNikola Pekovic
50.9%
WorstSamuel Dalembert
50.9%
WorstJermaine O'Neal
50.9%
WorstBismack Biyombo
47.4%
WorstRobin Lopez
45.6%
WorstOmer Asik
43.9%
WorstEnes Kanter
40.4%
WorstTimofey Mozgov
40.4%
WorstKevin Seraphin
35.1%
BestBeno Udrih
33.3%
WorstAnthony Randolph
31.6%
WorstLouis Amundson
28.1%
BestA.J. Price
26.3%
WorstRyan Hollins
26.3%
WorstKosta Koufos
24.6%
BestCharles Jenkins
17.5%
WorstJeremy Tyler
14%
BestShelvin Mack
10.5%
WorstSarmado Samuels
8.8%

You're not logged in!

Compare scores with friends on all Sporcle quizzes.
OR
Log In

Show Comments

Extras

Top Quizzes Today


Score Distribution

Your Account Isn't Verified!

In order to create a playlist on Sporcle, you need to verify the email address you used during registration. Go to your Sporcle Settings to finish the process.

Report this User

Report this user for behavior that violates our Community Guidelines.

Details: